00488nam a2200145Ia 4500008004100000041000800041082001400049100001800063245004500081260003500126300003000161365001200191999001700203952012200220240624s9999 xx 000 0 und d aeng a332.6 AUB aAUBREY THOMAS aPROFITING FROM MONETARY POLICY INVESTING c2013aNew DelhibPan Macmillan axi, : 215 : p. : cm. ; 23 cBPSb38 c28355d28355 00104070aIMTNbIMTNcRack 7-Bd2016-12-19eBKIg20.99o332.6 AUBp28355r2024-06-24 00:00:00t88.9w2024-06-24yBK